000 00296nam a22001337a 4500
008 171012b xxu||||| |||| 00| 0 eng d
020 _a9780205174416
041 _aeng
080 _24TH
_a316
100 _a50
101 _aSOC
245 _aJUVENILE DELINQUENCY
_cBARTOLLAS,C
942 _2udc
_cBK
999 _c33330
_d33330